000 00385nam a2200157Ia 4500
008 240729s9999 xx 000 0 und d
022 _a2149-6498
245 0 _aENT Updates
260 _aTürkiye
260 _bAVES
650 _a Otorhinolaryngology
650 _aMedicine
856 _uhttps://doaj.org/toc/a6bad2146d734a1092499b9691debbc9
942 _2ddc
942 _cDOAJEJ
999 _c74958
_d74958
945 _a1
_bMadushi Gamage
_c1
_dMadushi Gamage